[Event "IX Open"]
[Site "Condino ITA"]
[Date "2009.07.29"]
[Round "4"]
[White "Staresina, Mirko"]
[Black "Fragni, Enrico"]
[Result "1/2-1/2"]
[WhiteElo "1661"]
[BlackElo "1762"]
[PlyCount "125"]
[EventDate "2009.07.27"]

1. c4 c6 2. e4 d6 3. Nc3 e5 4. Nf3 Bg4 5. Be2 Nd7 6. d4 Qc7 7. h3 Bxf3 8. Bxf3
Be7 9. Bg4 Ngf6 10. f4 exd4 11. Qxd4 Nxg4 12. hxg4 Bf6 13. Qd3 Bxc3+ 14. Qxc3
f6 15. Bd2 O-O-O 16. O-O-O h6 17. Rde1 Rhe8 18. Re2 Re7 19. Rhe1 Rde8 20. Kb1
Kb8 21. Qf3 g5 22. g3 Qb6 23. Bc3 Re6 24. Rh1 Nc5 25. Bd4 Qb4 26. Bxc5 Qxc5 27.
Qd3 d5 28. cxd5 cxd5 29. Rhe1 dxe4 30. Rxe4 Rxe4 31. Rxe4 Qg1+ 32. Kc2 Rc8+ 33.
Kb3 Qb6+ 34. Rb4 Qe6+ 35. Ka3 Qe7 36. Kb3 Qe6+ 37. Ka3 a5 38. Re4 Qb6 39. Qd4
Ka7 40. Qxb6+ Kxb6 41. Ka4 Rc6 42. b3 Ka6 43. f5 b5+ 44. Ka3 Kb6 45. Kb2 b4 46.
a3 bxa3+ 47. Kxa3 Kb5 48. Rd4 Rc1 49. Kb2 Rc6 50. Rd8 Kc5 51. Ra8 Kb4 52. Rh8
Kc5 53. Kc3 Kd5+ 54. Kd3 Rb6 55. Rd8+ Kc5 56. Kc3 Rb4 57. Rc8+ Kd5 58. Ra8 Rxg4
59. Rxa5+ Kd6 60. Ra6+ Ke5 61. Ra5+ Kd6 62. Ra6+ Ke5 63. Ra5+ 1/2-1/2

[Event "IX Open"]
[Site "Condino ITA"]
[Date "2009.07.29"]
[Round "4"]
[White "Weinberg, Emanuele"]
[Black "Hamperl, Fred"]
[Result "0-1"]
[WhiteElo "1883"]
[BlackElo "2075"]
[PlyCount "84"]
[EventDate "2009.07.27"]

1. d4 Nf6 2. c4 c5 3. d5 e6 4. Nc3 exd5 5. cxd5 d6 6. e4 g6 7. f4 Bg7 8. Bb5+
Nfd7 9. a4 O-O 10. Nf3 Na6 11. O-O Nb4 12. Be3 a6 13. Bc4 Re8 14. Nd2 f5 15.
Qf3 Nc2 16. Bf2 Nxa1 17. Rxa1 fxe4 18. Ndxe4 Nb6 19. Ba2 Bf5 20. Ng5 Qd7 21.
Ne6 Bxc3 22. Qxc3 Nxd5 23. Ng5 Be6 24. Nxe6 Nxc3 25. Nxc5+ Qf7 26. Bxf7+ Kxf7
27. bxc3 dxc5 28. Bxc5 Rac8 29. Bd4 Re2 30. Kf1 Rc2 31. Rb1 Rc7 32. Ra1 Re7 33.
Be5 Rd7 34. Bd4 Ke6 35. h3 Kf5 36. g3 Re7 37. Be5 Rh2 38. Kg1 Rxh3 39. Kg2 Kg4
40. Kf2 Rxg3 41. Rb1 Rd3 42. Rg1+ Kf5 0-1

[Event "IX Open"]
[Site "Condino ITA"]
[Date "2009.07.29"]
[Round "4"]
[White "Zuccaro, Guido"]
[Black "Buglisi, Massimo"]
[Result "0-1"]
[WhiteElo "1705"]
[BlackElo "1938"]
[PlyCount "42"]
[EventDate "2009.07.27"]

1. c4 Nf6 2. Nc3 g6 3. d4 Bg7 4. e4 d6 5. f3 O-O 6. Be3 Nbd7 7. Bd3 e5 8. d5
Nc5 9. Nge2 Nxd3+ 10. Qxd3 c6 11. O-O c5 12. a3 Nh5 13. Qd2 f5 14. Bh6 f4 15.
Bxg7 Kxg7 16. Rfb1 g5 17. Qe1 g4 18. Qf2 Qg5 19. fxg4 Bxg4 20. Kh1 f3 21. Ng3
fxg2+ 0-1

[Event "IX Open"]
[Site "Condino ITA"]
[Date "2009.07.30"]
[Round "5"]
[White "Beccaris, Gabriele"]
[Black "Pepino, Enrico"]
[Result "1-0"]
[WhiteElo "2037"]
[BlackElo "2110"]
[PlyCount "63"]
[EventDate "2009.07.27"]

1. e4 d6 2. d4 Nf6 3. Nc3 g6 4. Bg5 Bg7 5. Qd2 c6 6. O-O-O Qa5 7. Bd3 b5 8. Kb1
Nbd7 9. h4 Bb7 10. Nf3 b4 11. Ne2 h6 12. Bf4 e5 13. Bg3 O-O 14. c3 bxc3 15.
Qxc3 Qxc3 16. bxc3 d5 17. Nxe5 dxe4 18. Nxd7 exd3 19. Nxf6+ Bxf6 20. Rxd3 Rfe8
21. Rd2 c5 22. d5 Ba6 23. Nc1 Bxc3 24. Rdd1 Bc8 25. Kc2 Bf6 26. Nb3 Bf5+ 27.
Kc1 a5 28. Rhe1 Rec8 29. Be5 Bxh4 30. g3 Bd8 31. Bc3 a4 32. Re8+ 1-0

[Event "IX Open"]
[Site "Condino ITA"]
[Date "2009.07.30"]
[Round "5"]
[White "Bini, Lorenzo"]
[Black "Facchetti, Lorenzo"]
[Result "1/2-1/2"]
[WhiteElo "1947"]
[BlackElo "1807"]
[PlyCount "94"]
[EventDate "2009.07.27"]

1. g3 d5 2. Bg2 Nf6 3. d3 c6 4. Nd2 e5 5. e3 Bd6 6. b3 O-O 7. Bb2 a5 8. a4 Na6
9. h3 Nb4 10. Ne2 Qe7 11. O-O Re8 12. e4 dxe4 13. dxe4 Be6 14. Kh1 Nd7 15. f4
f6 16. Nf3 Rad8 17. Qc1 Bf7 18. fxe5 Nxe5 19. Nfd4 Qd7 20. Bc3 Bb8 21. Qb2 c5
22. Nf5 b6 23. Nf4 Qc6 24. Rad1 Rd7 25. Qb1 Bc7 26. Rxd7 Qxd7 27. Rd1 Qc6 28.
Nd5 Kf8 29. Bb2 g6 30. Nxc7 Qxc7 31. Nd6 Rd8 32. Bxe5 fxe5 33. Nxf7 Rxd1+ 34.
Qxd1 Kxf7 35. c3 Nc6 36. Qd5+ Kf6 37. Bf1 Ne7 38. Qd1 Qc6 39. Qf3+ Kg7 40. Bc4
Qf6 41. Qe3 Qd6 42. Qe2 Ng8 43. Bxg8 Kxg8 44. Qc4+ Kg7 45. Qd5 Qf6 46. Kg2 g5
47. Qd7+ Kg6 1/2-1/2

[Event "IX Open"]
[Site "Condino ITA"]
[Date "2009.07.30"]
[Round "5"]
[White "Bondoni, Bernardino"]
[Black "Pandini, Giuseppe"]
[Result "0-1"]
[WhiteElo "1560"]
[BlackElo "1715"]
[PlyCount "82"]
[EventDate "2009.07.27"]

1. d4 b6 2. c4 e6 3. Nc3 Bb7 4. e3 Bb4 5. Bd2 Nf6 6. Nf3 O-O 7. g3 Nc6 8. Bg2
Ne7 9. O-O Ng6 10. Re1 c6 11. Qc2 Qc7 12. a3 Bd6 13. Ne4 Nxe4 14. Qxe4 c5 15.
Qc2 cxd4 16. Nxd4 Bxg2 17. Kxg2 Ne5 18. f4 Nxc4 19. Bb4 Bxb4 20. axb4 Qb7+ 21.
Kf2 Rfc8 22. Qb3 Nd2 23. Qd3 Ne4+ 24. Kg1 a6 25. Ne2 Rc7 26. Nc3 Nf6 27. Kf2 b5
28. Red1 Rc4 29. Rac1 Rxb4 30. Rb1 Rc4 31. h3 Rac8 32. Rbc1 b4 33. Na2 Rxc1 34.
Rxc1 Rxc1 35. Nxc1 Ne4+ 36. Kg1 Nxg3 37. Kf2 Ne4+ 38. Kg1 f5 39. Nb3 Qc6 40.
Nd4 Qc1+ 41. Kg2 Qxb2+ 0-1

[Event "IX Open"]
[Site "Condino ITA"]
[Date "2009.07.30"]
[Round "5"]
[White "Bonugli, Carlo"]
[Black "Popa, Claudiu"]
[Result "1/2-1/2"]
[WhiteElo "2003"]
[BlackElo "2233"]
[PlyCount "109"]
[EventDate "2009.07.27"]

1. e4 e5 2. Bc4 Nf6 3. d3 d5 4. exd5 Nxd5 5. Nf3 Nc6 6. O-O Be7 7. Re1 f6 8. d4
Nb6 9. Bb5 Bg4 10. h3 Bxf3 11. Qxf3 Qxd4 12. Bxc6+ bxc6 13. Qxc6+ Qd7 14. Qxd7+
Kxd7 15. b3 Nd5 16. Bd2 Rhd8 17. a4 Ke6 18. Na3 Nb4 19. Be3 a6 20. Kf1 Rd7 21.
Ke2 Rad8 22. Rad1 Nd5 23. Nb1 Bb4 24. Rg1 Nxe3 25. Rxd7 Rxd7 26. Kxe3 f5 27.
Ke2 Bc5 28. Rf1 Bb4 29. c3 Bc5 30. f3 Be7 31. Nd2 Bg5 32. Nc4 Rd8 33. Rd1 Rxd1
34. Kxd1 e4 35. Ke2 exf3+ 36. gxf3 Bf6 37. Kd3 g5 38. Ne3 h5 39. b4 c6 40. c4
Bd8 41. Kd4 Bb6+ 42. c5 Bc7 43. Ng2 g4 44. hxg4 fxg4 45. fxg4 hxg4 46. Kc4 g3
47. b5 axb5+ 48. axb5 cxb5+ 49. Kxb5 Kd5 50. Nh4 Ke4 51. c6 Bd8 52. Ka6 Bxh4
53. c7 g2 54. c8=Q g1=Q 55. Qc4+ 1/2-1/2

[Event "IX Open"]
[Site "Condino ITA"]
[Date "2009.07.30"]
[Round "5"]
[White "Buglisi, Massimo"]
[Black "Sigillo, Carmelo"]
[Result "1/2-1/2"]
[WhiteElo "1938"]
[BlackElo "1803"]
[PlyCount "92"]
[EventDate "2009.07.27"]

1. d4 Nf6 2. c4 e5 3. dxe5 Ng4 4. Bf4 Bb4+ 5. Nc3 Nc6 6. Nf3 Qe7 7. Qd5 f6 8.
exf6 Nxf6 9. Qd3 d6 10. g3 Ne4 11. Bd2 Nxd2 12. Qxd2 Ne5 13. Nxe5 Qxe5 14. Rc1
O-O 15. Bg2 Rb8 16. O-O a5 17. Qd5+ Be6 18. Qxe5 dxe5 19. Nd5 Bxd5 20. Bxd5+
Kh8 21. Rfd1 c6 22. Be4 Bc5 23. e3 Rbd8 24. Kg2 g6 25. a3 Kg7 26. b4 axb4 27.
axb4 Bxb4 28. Rxd8 Rxd8 29. Rb1 c5 30. Bxb7 Rd2 31. Bf3 Rc2 32. Bd5 Re2 33. Kf3
Ra2 34. Rd1 Kf6 35. h4 h6 36. Be4 Rd2 37. Rxd2 Bxd2 38. g4 g5 39. h5 Bc3 40.
Bf5 Be1 41. Ke2 Ba5 42. Kd3 Bd8 43. Ke4 Be7 44. Kd5 Bf8 45. Kc6 Be7 46. Kd7 Bf8
1/2-1/2

[Event "IX Open"]
[Site "Condino ITA"]
[Date "2009.07.30"]
[Round "5"]
[White "Caputi, Nicola"]
[Black "Sanzani, Pierluigi"]
[Result "1/2-1/2"]
[WhiteElo "2053"]
[BlackElo "1824"]
[PlyCount "80"]
[EventDate "2009.07.27"]

1. c4 e5 2. Nc3 Nf6 3. Nf3 Nc6 4. g3 d5 5. cxd5 Nxd5 6. Bg2 Nb6 7. d3 Be7 8.
O-O Be6 9. a3 a5 10. Be3 O-O 11. Rc1 Nd5 12. Nxd5 Bxd5 13. Bc5 Bxc5 14. Rxc5
Qd6 15. Rc3 Rfd8 16. e3 Ra6 17. Qc1 Re8 18. Rd1 a4 19. Nd2 Bxg2 20. Kxg2 f5 21.
Kg1 Qg6 22. Rc5 Qh5 23. Qc4+ Kh8 24. Re1 Na5 25. Qb4 Rh6 26. Nf1 Nb3 27. Rxe5
Rd6 28. d4 Rb6 29. Qxa4 Rxe5 30. dxe5 h6 31. e6 Nc5 32. Qa8+ Kh7 33. e7 Re6 34.
Rc1 b6 35. b4 Ne4 36. Qf8 Qf3 37. Rc2 Ng5 38. h4 Nh3+ 39. Kh2 Nxf2 40. Kg1 Nh3+
1/2-1/2

[Event "IX Open"]
[Site "Condino ITA"]
[Date "2009.07.30"]
[Round "5"]
[White "Carfagna, Alex"]
[Black "Saviano, Sabato"]
[Result "1-0"]
[WhiteElo "1560"]
[BlackElo "1695"]
[PlyCount "73"]
[EventDate "2009.07.27"]

1. e4 c6 2. d4 d5 3. e5 Bf5 4. Nf3 Bg4 5. Be2 e6 6. O-O h6 7. c3 Ne7 8. h3 Bxf3
9. Bxf3 Ng6 10. Bh5 Nh4 11. Re1 Nd7 12. a3 Be7 13. b4 Bg5 14. Bxg5 Qxg5 15. Qg4
O-O-O 16. Qxg5 hxg5 17. Bxf7 Nf8 18. Nd2 Kd7 19. g3 Ke7 20. gxh4 Kxf7 21. hxg5
Rxh3 22. Re3 Rxe3 23. fxe3 Kg6 24. Nf3 Nh7 25. Kf2 Rf8 26. Rg1 a6 27. Ke2 Rh8
28. Kd3 Nf8 29. c4 Rh3 30. Nd2 Nh7 31. cxd5 cxd5 32. a4 Nxg5 33. Nb3 b6 34. a5
bxa5 35. bxa5 Rh8 36. Nc5 Kh6 37. Rh1+ 1-0

[Event "IX Open"]
[Site "Condino ITA"]
[Date "2009.07.30"]
[Round "5"]
[White "Di Paolo, Raffaele"]
[Black "De Santis, Alessio"]
[Result "1-0"]
[WhiteElo "2318"]
[BlackElo "2293"]
[PlyCount "77"]
[EventDate "2009.07.27"]

1. e4 c5 2. Nf3 e6 3. d4 cxd4 4. Nxd4 Nc6 5. Nc3 a6 6. Nxc6 bxc6 7. Bd3 Qc7 8.
O-O Nf6 9. Qe2 d5 10. e5 Nd7 11. f4 Be7 12. Na4 O-O 13. c4 f5 14. exf6 Nxf6 15.
c5 Qa5 16. Qc2 Rb8 17. Bd2 Qc7 18. Bc3 Rb5 19. Be5 Qa5 20. Kh1 Ne4 21. a3 Rb7
22. b4 Qd8 23. Nc3 Nf6 24. Bxa6 Ra7 25. Bd3 Ba6 26. Bxa6 Rxa6 27. a4 Qd7 28.
Ne2 Rfa8 29. Nd4 Ne4 30. f5 exf5 31. Nxf5 Bf6 32. Bxf6 Nxf6 33. a5 Ne4 34. Qe2
Qe8 35. Qg4 R6a7 36. Nd4 Rb8 37. Qf4 h6 38. Nxc6 g5 39. Qxb8 1-0

[Event "IX Open"]
[Site "Condino ITA"]
[Date "2009.07.30"]
[Round "5"]
[White "Dieli, Riccardo"]
[Black "Moro, Roberto"]
[Result "1-0"]
[WhiteElo "1907"]
[BlackElo "1781"]
[PlyCount "107"]
[EventDate "2009.07.27"]

1. Nf3 d5 2. c4 d4 3. g3 g6 4. Bg2 Bg7 5. O-O Nc6 6. d3 Nf6 7. a3 a5 8. Bg5 h6
9. Bd2 O-O 10. Qc1 Kh7 11. b3 e5 12. Ne1 Be6 13. Nc2 Qd7 14. Re1 Bh3 15. Bh1
Rae8 16. b4 axb4 17. axb4 e4 18. b5 Ne5 19. Bb4 Rg8 20. Ra3 exd3 21. exd3 Bg4
22. Nd2 Bf5 23. Be4 Bxe4 24. dxe4 Qh3 25. Nxd4 Rd8 26. f4 Nfg4 27. N4f3 Nxf3+
28. Nxf3 Bd4+ 29. Rae3 Nxe3 30. Rxe3 Bxe3+ 31. Qxe3 Rd1+ 32. Be1 Rgd8 33. Kf2
R1d3 34. Qe2 Rd1 35. e5 Qg4 36. Ng5+ Qxg5 37. fxg5 hxg5 38. e6 R1d6 39. Qe5
Rxe6 40. Qxg5 f6 41. Qh4+ Kg7 42. Qf4 Rd7 43. Qf3 Re5 44. Qxb7 Rde7 45. Bb4
Rf5+ 46. Kg1 Re2 47. Qxc7+ Kh6 48. b6 Rff2 49. Qc5 Rg2+ 50. Kf1 Rxh2 51. b7 Rb2
52. Qe3+ Kh7 53. b8=Q Rh1+ 54. Qg1 1-0

[Event "IX Open"]
[Site "Condino ITA"]
[Date "2009.07.30"]
[Round "5"]
[White "Dittmar, Peter"]
[Black "Qendro, Llambi"]
[Result "1/2-1/2"]
[WhiteElo "2357"]
[BlackElo "2349"]
[PlyCount "67"]
[EventDate "2009.07.27"]

1. b3 Nf6 2. Bb2 g6 3. Nf3 Bg7 4. g3 O-O 5. Bg2 d6 6. d4 e5 7. dxe5 Ng4 8. Nc3
Nxe5 9. Nxe5 Bxe5 10. Qd2 Nc6 11. O-O Be6 12. Rad1 Qc8 13. Qc1 Bg7 14. Nd5 Bxd5
15. Bxd5 Qd7 16. Bxg7 Kxg7 17. c4 Rae8 18. Qc3+ f6 19. e3 h5 20. c5 h4 21. cxd6
hxg3 22. hxg3 cxd6 23. Kg2 Rh8 24. Rd2 Rd8 25. Rfd1 Rh5 26. Bxc6 bxc6 27. Rxd6
Qxd6 28. Rxd6 Rxd6 29. Qb4 Rd7 30. Qc4 c5 31. e4 Re5 32. Qb5 Rc7 33. Qb8 Ree7
34. Qd8 1/2-1/2

[Event "IX Open"]
[Site "Condino ITA"]
[Date "2009.07.30"]
[Round "5"]
[White "Forno, Diego"]
[Black "Frugoni, Giulio"]
[Result "0-1"]
[WhiteElo "1527"]
[BlackElo "1753"]
[PlyCount "38"]
[EventDate "2009.07.27"]

1. d4 Nf6 2. Nf3 e6 3. Bf4 d5 4. c4 c5 5. e3 Nc6 6. Nc3 cxd4 7. Nxd4 Nxd4 8.
Qxd4 Bb4 9. cxd5 Bxc3+ 10. Qxc3 O-O 11. dxe6 Bxe6 12. Bg5 Rc8 13. Bxf6 gxf6 14.
Qb4 Qd5 15. e4 Qg5 16. h4 Rc1+ 17. Ke2 Qh5+ 18. Kd2 Rxa1 19. Be2 Qh6+ 0-1

[Event "IX Open"]
[Site "Condino ITA"]
[Date "2009.07.30"]
[Round "5"]
[White "Fragni, Enrico"]
[Black "Cosenza, Gianni"]
[Result "1/2-1/2"]
[WhiteElo "1762"]
[BlackElo "1927"]
[PlyCount "58"]
[EventDate "2009.07.27"]

1. Nf3 d5 2. d4 c6 3. Nbd2 Bf5 4. e3 h6 5. c4 e6 6. Be2 Nf6 7. O-O Nbd7 8. a3
a5 9. Re1 Bd6 10. cxd5 exd5 11. Qb3 Qc7 12. Bd3 Bxd3 13. Qxd3 O-O 14. e4 dxe4
15. Nxe4 Nxe4 16. Rxe4 Nf6 17. Rh4 Rfe8 18. Bd2 Re6 19. Re1 Rae8 20. Rxe6 Rxe6
21. g3 Nd5 22. Re4 Rxe4 23. Qxe4 Nf6 24. Qf5 Nd5 25. Kg2 b6 26. Qe4 Nf6 27. Qf5
Nd5 28. Qg4 Nf6 29. Qf5 Nd5 1/2-1/2

[Event "IX Open"]
[Site "Condino ITA"]
[Date "2009.07.30"]
[Round "5"]
[White "Gardi, Giuseppe"]
[Black "Salvo, Guglielmo"]
[Result "0-1"]
[WhiteElo "2017"]
[BlackElo "1762"]
[PlyCount "106"]
[EventDate "2009.07.27"]

1. d4 d5 2. Nf3 Bf5 3. e3 a6 4. Bd3 Bg6 5. Ne5 e6 6. O-O Bd6 7. Nd2 c5 8. Ndf3
c4 9. Be2 Qc7 10. h3 Nd7 11. Nxd7 Qxd7 12. c3 Ne7 13. b3 b5 14. a4 O-O 15. bxc4
dxc4 16. Ba3 Nd5 17. Qc1 Rfc8 18. Bxd6 Qxd6 19. Ne5 Rab8 20. axb5 axb5 21. f3
f6 22. Nxg6 hxg6 23. f4 f5 24. Bf3 b4 25. cxb4 Nxb4 26. Qa3 Qf8 27. Rfc1 Nd3
28. Qxf8+ Kxf8 29. Rc3 Rb3 30. Rc2 c3 31. Be2 Nb4 32. Rcc1 c2 33. Kf2 Rb2 34.
Kf3 Na2 35. Rxa2 Rxa2 36. Bd3 Rc3 37. Ke2 Raa3 38. Bxc2 Rxe3+ 39. Kd2 Rg3 40.
Rg1 Ra2 41. h4 Ke7 42. d5 exd5 43. Re1+ Kd6 44. Re2 d4 45. Kc1 d3 46. Bxd3 Rxe2
47. Bxe2 Rxg2 48. Bc4 Ke7 49. h5 gxh5 50. Bd5 Rh2 51. Kd1 Kf6 52. Ke1 Rh4 53.
Bf3 g6 0-1

[Event "IX Open"]
[Site "Condino ITA"]
[Date "2009.07.30"]
[Round "5"]
[White "Gastaldello, Lorenzo"]
[Black "Schaberg, Wolfgang"]
[Result "1/2-1/2"]
[WhiteElo "1620"]
[BlackElo "1953"]
[PlyCount "68"]
[EventDate "2009.07.27"]

1. d4 d5 2. g3 Nf6 3. Bg2 e6 4. Nf3 c5 5. c3 Nc6 6. O-O Qb6 7. Re1 Bd6 8. Na3
O-O 9. Nc2 a5 10. Ng5 h6 11. Nh3 cxd4 12. Nxd4 e5 13. Qb3 Qxb3 14. Nxb3 a4 15.
Nd2 Bf5 16. e4 Nxe4 17. Nxe4 dxe4 18. Kh1 Bc5 19. Be3 Bxe3 20. Rxe3 Bxh3 21.
Bxh3 f5 22. Rd1 Rad8 23. Rxd8 Nxd8 24. Bf1 Ne6 25. Bc4 Kf7 26. f3 Rd8 27. fxe4
f4 28. gxf4 exf4 29. Rf3 g5 30. Rh3 Rh8 31. Bd5 b6 32. Rd3 Ke7 33. Bxe6 Kxe6
34. Rd4 a3 1/2-1/2

[Event "IX Open"]
[Site "Condino ITA"]
[Date "2009.07.30"]
[Round "5"]
[White "Giovannini, Roberto"]
[Black "Pedrotti, Luciano"]
[Result "1-0"]
[WhiteElo "1976"]
[BlackElo "1819"]
[PlyCount "137"]
[EventDate "2009.07.27"]

1. d4 Nf6 2. Nf3 e6 3. c3 Be7 4. Bf4 d5 5. Nbd2 Nbd7 6. e3 O-O 7. Bd3 c5 8. Ne5
cxd4 9. exd4 Nxe5 10. dxe5 Ne8 11. O-O f5 12. Nf3 g5 13. Bd2 Ng7 14. Qc1 h6 15.
Nd4 Bd7 16. h4 f4 17. Qc2 Nf5 18. Bxf5 exf5 19. e6 Be8 20. Nxf5 Rf6 21. hxg5
hxg5 22. Nd4 Rh6 23. Rfe1 Rc8 24. Qd1 Bh5 25. Qa4 Bc5 26. Nf5 Rf6 27. e7 Qe8
28. Qxe8+ Rxe8 29. Re5 Bf7 30. Rae1 Bb6 31. Nd4 Rg6 32. a4 a6 33. b4 Bc7 34.
R5e2 g4 35. Bc1 Kh7 36. g3 fxg3 37. fxg3 Bxg3 38. Rf1 Kg8 39. Nf5 Bd6 40. Ref2
Bxe7 41. Nh6+ Rxh6 42. Bxh6 Bg6 43. Rg2 Kh7 44. Bf4 Bh5 45. Rd2 Rd8 46. Rfd1
Bf7 47. Rh2+ Kg7 48. Rd4 Bg6 49. Be5+ Bf6 50. Bxf6+ Kxf6 51. Rxg4 Be4 52. Kf2
Rc8 53. Rh3 Rc7 54. a5 Kf5 55. Rgh4 Rg7 56. Ke3 Rc7 57. Rh5+ Kf6 58. Rh6+ Kg7
59. Kd2 Rf7 60. Rb6 Rc7 61. Rhh6 Kf7 62. Rh8 Bb1 63. Rb8 Ba2 64. R6xb7 Rxb7 65.
Rxb7+ Ke8 66. Ke3 Bc4 67. Kd4 Kd8 68. Kc5 Kc8 69. Kc6 1-0

[Event "IX Open"]
[Site "Condino ITA"]
[Date "2009.07.30"]
[Round "5"]
[White "Hortensius, Kees"]
[Black "Staresina, Mirko"]
[Result "1-0"]
[WhiteElo "1658"]
[BlackElo "1661"]
[PlyCount "66"]
[EventDate "2009.07.27"]

1. e4 c5 2. c3 d5 3. exd5 Qxd5 4. d4 cxd4 5. cxd4 Nc6 6. Nf3 Bg4 7. Nc3 Qe6+ 8.
Be3 Bxf3 9. Qxf3 Qf6 10. Qxf6 Nxf6 11. d5 Nb4 12. Bb5+ Nd7 13. O-O-O a6 14.
Bxd7+ Kxd7 15. a3 e5 16. dxe6+ Kxe6 17. axb4 Bxb4 18. Rd4 Bxc3 19. bxc3 Rhc8
20. Bd2 Ke7 21. Re1+ Kf8 22. Rd7 b5 23. Ree7 b4 24. Kb2 Rd8 25. Rxf7+ Kg8 26.
Rxg7+ Kf8 27. cxb4 Rxd7 28. Rxd7 Kg8 29. Bc3 h5 30. Rg7+ Kf8 31. Rh7 Re8 32.
Rh8+ Kf7 33. Rxe8 Kxe8 1-0

[Event "IX Open"]
[Site "Condino ITA"]
[Date "2009.07.30"]
[Round "5"]
[White "Hortensius, Myrre"]
[Black "Battiston, Claudio"]
[Result "1/2-1/2"]
[WhiteElo "1773"]
[BlackElo "2001"]
[PlyCount "59"]
[EventDate "2009.07.27"]

1. e4 e5 2. Nf3 Nc6 3. Bb5 a6 4. Ba4 Nf6 5. O-O Nxe4 6. d4 b5 7. Bb3 d5 8. dxe5
Be6 9. c3 Be7 10. Re1 O-O 11. Be3 Qd7 12. Nbd2 Rad8 13. Bc2 f5 14. exf6 Nxf6
15. Nb3 Bg4 16. Nbd4 Nxd4 17. Bxd4 Nh5 18. Qd3 Bf5 19. Qe2 Bxc2 20. Qxe7 Be4
21. Qh4 Bxf3 22. gxf3 Nf6 23. Kh1 Qf5 24. Re3 Rfe8 25. Rae1 Rxe3 26. Rxe3 Qb1+
27. Kg2 Qg6+ 28. Kf1 Qb1+ 29. Re1 Qd3+ 30. Kg2 1/2-1/2

[Event "IX Open"]
[Site "Condino ITA"]
[Date "2009.07.30"]
[Round "5"]
[White "Lodi, Paolo"]
[Black "Cesati Cassin, Giorgio"]
[Result "1-0"]
[WhiteElo "1706"]
[BlackElo "1425"]
[PlyCount "157"]
[EventDate "2009.07.27"]

1. c4 g6 2. Nc3 Bg7 3. g3 d6 4. Bg2 e5 5. e4 Ne7 6. Nge2 O-O 7. O-O Nbc6 8. d3
Bd7 9. h3 Qc8 10. Kh2 f5 11. Bg5 f4 12. Ng1 h6 13. Bxe7 fxg3+ 14. fxg3 Nxe7 15.
Qb3 Kh7 16. h4 Bg4 17. Rxf8 Bxf8 18. Rf1 Bd7 19. Rf7+ Kg8 20. Rf6 Kg7 21. Rf2
Rb8 22. Bh3 Bxh3 23. Nxh3 Qe6 24. Nb5 Nc6 25. Nxc7 Qd7 26. Nd5 Nd4 27. Qc3 Be7
28. Qe1 Rf8 29. Ng1 Rxf2+ 30. Qxf2 Qe6 31. b4 Qf7 32. Kg2 Qxf2+ 33. Kxf2 Bd8
34. Ne2 Ne6 35. Nec3 a6 36. a4 Nd4 37. b5 Ba5 38. g4 Ne6 39. Ne2 Nc5 40. Nec3
Nxd3+ 41. Ke3 Nc5 42. Ke2 Ne6 43. Kf3 Bd8 44. Kg3 g5 45. h5 Nf4 46. Ne3 Kf6 47.
Nf5 Ba5 48. Nd5+ Nxd5 49. cxd5 Be1+ 50. Kf3 Bb4 51. Nxh6 Ba5 52. Nf5 Bb4 53.
Ke3 Bc5+ 54. Kd3 Ba3 55. Kc3 Bc5 56. Kb3 Kf7 57. Ng3 axb5 58. axb5 Bb6 59. Nf1
Bc5 60. Nd2 b6 61. Nf3 Kg7 62. Nxg5 Kh6 63. Ne6 Be3 64. Nd8 Bc5 65. Ne6 Be3 66.
Kc2 Bg1 67. Kd3 Bf2 68. Ke2 Bg1 69. Kf3 Bh2 70. Nf8 Bg1 71. Ng6 Bd4 72. Ne7 Ba1
73. Nc8 Bd4 74. Nxd6 Bc5 75. Nb7 Be7 76. d6 Bf6 77. d7 Bg5 78. d8=Q Bxd8 79.
Nxd8 1-0

[Event "IX Open"]
[Site "Condino ITA"]
[Date "2009.07.30"]
[Round "5"]
[White "Marangoni, Simone"]
[Black "Bouanani, Denis"]
[Result "1-0"]
[WhiteElo "1703"]
[BlackElo "1533"]
[PlyCount "37"]
[EventDate "2009.07.27"]

1. c4 e6 2. Nc3 d5 3. cxd5 exd5 4. d4 Nf6 5. Nf3 c6 6. g3 Bd6 7. Bg2 O-O 8. O-O
h6 9. Qc2 Be6 10. Nh4 Qd7 11. e4 Bc7 12. e5 Ne8 13. f4 Qc8 14. f5 Bd7 15. f6 g5
16. Nf3 Bh3 17. b3 Bxg2 18. Kxg2 Kh8 19. Bxg5 1-0

[Event "IX Open"]
[Site "Condino ITA"]
[Date "2009.07.30"]
[Round "5"]
[White "Menon, Michele"]
[Black "De Polzer, Manfredi"]
[Result "1-0"]
[WhiteElo "1741"]
[BlackElo "1813"]
[PlyCount "111"]
[EventDate "2009.07.27"]

1. Nf3 c5 2. c4 g6 3. Nc3 Bg7 4. g3 Nc6 5. Bg2 Nf6 6. O-O O-O 7. d4 cxd4 8.
Nxd4 Re8 9. Nc2 a5 10. b3 Rb8 11. Bb2 d6 12. a3 Qb6 13. Nb5 Bd7 14. Rc1 Bh6 15.
e3 Ne5 16. Bd4 Qd8 17. h3 Bc6 18. Bxe5 dxe5 19. Nc3 Qb6 20. Rb1 Rbd8 21. Nd5
Bxd5 22. cxd5 e4 23. Nd4 Rxd5 24. Qe2 Red8 25. a4 e5 26. Nb5 Bf8 27. Rfd1 Bb4
28. Rxd5 Rxd5 29. Rd1 Qd8 30. Rxd5 Qxd5 31. Qc2 b6 32. Bf1 Kg7 33. Bc4 Qd7 34.
Nc3 Qxh3 35. Bf1 Qh5 36. Nxe4 Ng4 37. Bg2 Qf5 38. Qe2 Qe6 39. Qd1 f5 40. Ng5
Qe7 41. Nf3 Bc5 42. Bf1 h5 43. Bc4 f4 44. Qd5 fxe3 45. Qg8+ Kf6 46. Bd3 exf2+
47. Kg2 e4 48. Qh8+ Kf5 49. Qc8+ Kf6 50. Qh8+ Ke6 51. Nd4+ Bxd4 52. Bc4+ Kf5
53. Qxd4 Qe5 54. Qxb6 e3 55. Bd3+ Kg5 56. Qxg6# 1-0

[Event "IX Open"]
[Site "Condino ITA"]
[Date "2009.07.30"]
[Round "5"]
[White "Monticone, Sonia"]
[Black "Forno, Roberto"]
[Result "0-1"]
[WhiteElo "1805"]
[BlackElo "1946"]
[PlyCount "58"]
[EventDate "2009.07.27"]

1. d4 d6 2. c4 g6 3. Nc3 Bg7 4. Nf3 Bg4 5. e3 Nc6 6. Be2 Nf6 7. O-O O-O 8. b3
Qe8 9. Qc2 e5 10. dxe5 dxe5 11. Ba3 e4 12. Ne1 Qe5 13. Bxf8 Rxf8 14. Rc1 Nb4
15. Qb1 Rd8 16. Bxg4 Nxg4 17. g3 Qh5 18. h4 Nd3 19. Nxd3 exd3 20. Nd5 Ne5 21.
Kh1 Qf3+ 22. Kg1 Qg4 23. Rcd1 Nf3+ 24. Kg2 Nxh4+ 25. Kh2 Nf3+ 26. Kg2 Qe4 27.
Kh3 g5 28. Rh1 g4+ 29. Kg2 Ne1+ 0-1

[Event "IX Open"]
[Site "Condino ITA"]
[Date "2009.07.30"]
[Round "5"]
[White "Pandini, Claudio"]
[Black "Barucco, Mattia"]
[Result "0-1"]
[WhiteElo "1266"]
[BlackElo "2006"]
[PlyCount "66"]
[EventDate "2009.07.27"]

1. c4 e5 2. Nc3 Nf6 3. g3 Bb4 4. Bg2 O-O 5. e3 Re8 6. Nge2 c6 7. O-O Bf8 8. d4
e4 9. Qc2 d5 10. Re1 Na6 11. a3 Nc7 12. Nf4 Ne6 13. c5 Ng5 14. h4 Nf3+ 15. Bxf3
exf3 16. e4 dxe4 17. Nxe4 Rxe4 18. Rxe4 Bf5 19. Qb3 Bxe4 20. Qxb7 a5 21. Be3
Rb8 22. Qa6 Rxb2 23. Qc4 Rb1+ 24. Rxb1 Bxb1 25. Nh3 Nd5 26. Ng5 Qf6 27. Bd2 h6
28. Nh3 Qf5 29. Kh2 Bd3 30. Qa4 Bf1 31. Ng1 Nf6 32. Be1 Ng4+ 33. Kh1 Bg2# 0-1

[Event "IX Open"]
[Site "Condino ITA"]
[Date "2009.07.30"]
[Round "5"]
[White "Panjkovic, Stefan"]
[Black "Zuccaro, Guido"]
[Result "1/2-1/2"]
[WhiteElo "1503"]
[BlackElo "1705"]
[PlyCount "64"]
[EventDate "2009.07.27"]

1. d4 d5 2. Bf4 Nf6 3. e3 e6 4. Bd3 Bd6 5. Bg3 c6 6. Nf3 O-O 7. Nbd2 b5 8. Ne5
Qc7 9. O-O Nbd7 10. Ndf3 Ne4 11. Nxd7 Bxd7 12. Bxd6 Qxd6 13. c3 f5 14. Ne5 Be8
15. f4 Rf6 16. Qc2 Rh6 17. a4 Qe7 18. g3 Nd6 19. Ra2 Nc4 20. Bxc4 bxc4 21. Rb1
Rc8 22. b3 cxb3 23. Qxb3 c5 24. h4 c4 25. Qb4 Qc7 26. Qb7 Rf6 27. a5 Qxb7 28.
Rxb7 a6 29. Rab2 Bb5 30. Kf2 Rff8 31. Kf3 Rcd8 32. Rb6 Rfe8 1/2-1/2

[Event "IX Open"]
[Site "Condino ITA"]
[Date "2009.07.30"]
[Round "5"]
[White "Pipitone, Antonio"]
[Black "Panjkovic, Aleksandar"]
[Result "1-0"]
[WhiteElo "2061"]
[BlackElo "2122"]
[PlyCount "115"]
[EventDate "2009.07.27"]

1. e4 c6 2. d4 d5 3. Nc3 dxe4 4. Nxe4 Bf5 5. Ng3 Bg6 6. h4 h6 7. h5 Bh7 8. Nf3
Nd7 9. Bd3 Bxd3 10. Qxd3 e6 11. Bd2 Qc7 12. O-O-O Ngf6 13. Ne4 O-O-O 14. Nxf6
Nxf6 15. Kb1 c5 16. Rh4 c4 17. Qe2 Nd5 18. c3 b5 19. Ne5 Rd6 20. Qf3 f5 21. Ng6
Be7 22. Rf4 Rhd8 23. g4 Bg5 24. gxf5 Nxf4 25. Bxf4 Bxf4 26. Qxf4 Rd5 27. Qe3 e5
28. Re1 b4 29. Nxe5 bxc3 30. bxc3 Rb5+ 31. Ka1 Rd6 32. Qe2 Rd8 33. Rb1 Rxb1+
34. Kxb1 Rd5 35. Qxc4 Qxc4 36. Nxc4 Kc7 37. Ne3 Ra5 38. Kb2 Kd7 39. Kb3 Ke7 40.
c4 Kf6 41. f4 g6 42. hxg6 h5 43. d5 Rc5 44. Kb4 Rc8 45. Kc3 h4 46. Kd4 h3 47.
c5 Re8 48. d6 Rh8 49. c6 h2 50. Ng4+ Kxf5 51. Nxh2 Ke6 52. d7 Kd6 53. Ng4 Kxc6
54. Nf6 Rd8 55. Ke5 a5 56. Ke6 a4 57. Ke7 Kc7 58. Nd5+ 1-0